Die größten Städte Kolumbiens - Statistiken

Allgemein
  • Dieses Quiz wurde 10 mal gespielt
  • Das Durchschnittsergebnis liegt bei 3 aus 9
Antwortstatistiken
Stadt Einwohnerzahl % Korrekt
Bogotá 7.387.400
100%
Medellín 2.282.399
86%
Barranquilla 1.205.284
57%
Cali 2.172.527
57%
Bucaramanga 570.752
14%
Cartagena 876.885
14%
Cúcuta 685.445
14%
Soacha 655.025
0%
Soledad 602.644
0%
Keine übereinstimmenden Quizze gefunden
Verteilung der Resultate
Anzahl Personen mit jedem Resultat
Perzentil nach korrekt beantworteten Fragen
Ihre Resultats-Entwicklung
Sie haben dieses Quiz noch nicht gespielt